Western world costume an outline history

में बचाया:
ग्रंथसूची विवरण
मुख्य लेखक: Carolyn G Bradley
स्वरूप: पुस्तक
भाषा:Undetermined
प्रकाशित: New York Appleton-century-crafts
विषय:
टैग : टैग जोड़ें
कोई टैग नहीं, इस रिकॉर्ड को टैग करने वाले पहले व्यक्ति बनें!
Thư viện lưu trữ: Trung tâm Học liệu Trường Đại học Cần Thơ
LEADER 00494nam a2200169Ia 4500
001 CTU_6365
008 210402s9999 xx 000 0 und d
082 |a 391.0084 
082 |b B811 
100 |a Carolyn G Bradley 
245 0 |a Western world costume an outline history 
245 0 |c Carolyn G Bradley 
260 |a New York 
260 |b Appleton-century-crafts 
650 |a costume 
904 |i Nguyễn Quang Điền, 960820 
980 |a Trung tâm Học liệu Trường Đại học Cần Thơ